000 00419nam a2200169Ia 4500
008 100917s9999 xx 000 0 und d
082 _b5192
100 _aजोशी ए. वि.
245 _aरानभूल
260 _b---
_c1950
365 _b0
520 _aकादंबरी
630 _aरानभूल
650 _aकादंबरी
730 _aरानभूल
942 _cBOOK
999 _c610586
_d610583